Comunicación no violenta: un lenguaje de vida

Đã lưu trong:
Chi tiết về thư mục
Tác giả chính: Rosenberg, Marshall B (Tác giả)
Định dạng: Sách
Ngôn ngữ:Tiếng Tây Ban Nha
Được phát hành: Cuernavaca Gran Aldea Editores 2006
Phiên bản:1a. ed
Loạt:Colección Profesional
Những chủ đề:
Các nhãn: Thêm thẻ
Không có thẻ, Là người đầu tiên thẻ bản ghi này!

MARC

LEADER 00000cam a2200000 a 4500
001 UCD7596
003 CL-VaPUC
008 170331e20060000mx |||||||||||||||||spa|d
020 |a 9789872183493 
082 0 4 |a 153.6  |b ROS  |2 21 
100 0 |a Rosenberg, Marshall B  |e author  |9 591601 
245 1 0 |a Comunicación no violenta: un lenguaje de vida 
250 |a 1a. ed 
300 |a 199 p 
942 |c BK 
945 |d 20170331 00:58:00  |a dcastane 
260 |a Cuernavaca  |b Gran Aldea Editores  |c 2006 
650 0 |a Comunicación interpersonal   |9 307498 
650 0 |a Relaciones interpersonales  |9 307056 
650 0 |a No violencia  |9 348775 
583 |a last modification  |c 20170331 00:58:00  |k Rodrigo Vera 
490 0 |a Colección Profesional 
999 |c 367572  |d 367570 
952 |0 0  |1 0  |3 erb  |4 0  |6 153_600000000000000_ROS_2006  |7 0  |8 A  |9 482550  |a BIBEDU  |b BIBEDU  |i 5370507  |l 2  |m 4  |o 153.6 ROS 2006  |p 5370507  |r 2022-09-29  |s 2022-09-13  |w 2019-11-24  |y BK  |z Catalogado en:20170331  |k EBA 
952 |0 0  |1 0  |3 erb  |4 0  |6 153_600000000000000_ROS_2006  |7 0  |8 A  |9 482551  |a BIBEDU  |b BIBEDU  |i 5370493  |l 3  |m 3  |o 153.6 ROS 2006  |p 5370493  |r 2023-01-06  |s 2022-12-02  |w 2019-11-24  |y BK  |z Catalogado en:20170331  |k EBA 
952 |0 0  |1 0  |3 erb  |4 0  |6 153_600000000000000_ROS_2006  |7 0  |8 A  |9 482552  |a BIBEDU  |b BIBEDU  |i 5370485  |o 153.6 ROS 2006  |p 5370485  |r 2019-11-24  |w 2019-11-24  |y BK  |z Catalogado en:20170331  |k EBA